| 000 | 01780nam a22002297a 4500 | ||
|---|---|---|---|
| 999 |
_c62103 _d62103 |
||
| 003 | Ge_BSU | ||
| 005 | 20240711112517.0 | ||
| 008 | 240711s2023 ge ||||| |||| 00| 0 geo d | ||
| 020 | _a9789941333309 | ||
| 041 | _ageo | ||
| 080 | _a61(038)+811.124'36 ლ-16 | ||
| 245 |
_aლათინური სამედიცინო ტერმინოლოგიის საფუძვლები = Fundamenta terminologiae medicae latinae : _bსახელმძღვანელო და სამუშაო რვეული უმაღლესი სამედიცინო სასწავლებლების სტუდენტებისათვის / _cნანა ამირანაშვილი, ნელი გიგოლაევა, რუსუდან გიორგობიანი, ნელი ხატიაშვილი ; რედაქტორები: ირინე კვაჭაძე,მანანა ფხაკაძე |
||
| 264 |
_aთბილისი : _bუნივერსალი, _c2023. |
||
| 300 |
_a277 გვ.: _b24 სმ. |
||
| 653 | _aლათინური სამედიცინო ტერმინოლოგია. | ||
| 653 | _aლათინური ენის გრამატიკა. | ||
| 700 |
_aგიგოლაევა, ნელი, _eვტორი. და სხვ _9641 |
||
| 700 |
_aკვაჭაძე, ირინე _eრედაქტორი _96804 |
||
| 700 |
_aფხაკაძე, მანანა _eრედაქტორი _922803 |
||
| 710 |
_aთბილ. სახელმწ. სამედ. უნ-ტი, უცხოური ენების ცენტრი _98376 |
||
| 942 |
_2udc _cᲬᲘᲒᲜᲘ |
||